Catálogo
 En Linea

Aprendizaje colaborativo : (Registro nro. 58196)

Detalles MARC
000 -CABECERA
campo de control de longitud fija 01882nam a2200337 i 4500
003 - IDENTIFICADOR DEL NÚMERO DE CONTROL
campo de control DO-SdBNP
005 - FECHA Y HORA DE LA ÚLTIMA TRANSACCIÓN
campo de control 20260526192941.0
007 - CAMPO FIJO DE DESCRIPCIÓN FÍSICA--INFORMACIÓN GENERAL
campo de control de longitud fija ta
008 - DATOS DE LONGITUD FIJA--INFORMACIÓN GENERAL
campo de control de longitud fija 250224t2012 dr 001 0 spa d
020 ## - NÚMERO INTERNACIONAL ESTÁNDAR DEL LIBRO
ISBN cancelado o inválido 9789993448365
040 ## - FUENTE DE LA CATALOGACIÓN
Centro catalogador/agencia de origen DO-SdBNP
Lengua de catalogación spa
Centro/agencia transcriptor BNPHU
Normas de descripción rda
082 ## - NÚMERO DE LA CLASIFICACIÓN DECIMAL DEWEY
Número de clasificación 371.36
Número de documento/Ítem C436a
Número de edición 23
100 1# - ENTRADA PRINCIPAL--NOMBRE DE PERSONA
Nombre de persona Chaljub, Jeanette
Término indicativo de función/relación autor
Código de función/relación aut.
9 (RLIN) 87031
245 10 - MENCIÓN DE TÍTULO
Título Aprendizaje colaborativo :
Resto del título de la teoría a la práctica /
Mención de responsabilidad, etc. Jeanette Chaljub ; prólogo, Margarita Heinsen Guerra
264 #4 - PRODUCCIÓN, PUBLICACIÓN, DISTRIBUCIÓN, FABRICACIÓN Y COPYRIGHT
Producción, publicación, distribución, fabricación y copyright Santo Domingo, República Dominicana :
Nombre del de productor, editor, distribuidor, fabricante Editorial UNIBE,
Fecha de producción, publicación, distribución, fabricación o copyright ©2012
300 ## - DESCRIPCIÓN FÍSICA
Extensión 166 páginas ;
Dimensiones 23 cm
336 ## - TIPO DE CONTENIDO
Término de tipo de contenido texto
Código de tipo de contenido txt
Fuente rdacontent
337 ## - TIPO DE MEDIO
Nombre/término del tipo de medio sin mediación
Código del tipo de medio n
Fuente rdamedia
338 ## - TIPO DE SOPORTE
Nombre/término del tipo de soporte volumen
Código del tipo de soporte nc
Fuente rdacarrier
504 ## - NOTA DE BIBLIOGRAFÍA, ETC.
Nota de bibliografía, etc. Bibliografía p: 153-166.
520 ## - SUMARIO, ETC.
Sumario, etc. Esta publicación tiene el propósito de ofrecer a docentes de los distintos niveles educativos, así como a personas interesadas, un material sencillo que oriente la implementación de la estrategia de aprendizaje colaborativo, mediante explicaciones y ejemplos. La autora, docente de la Universidad Iberoamericana (Unibe), sustenta dichas estrategias en la teoría, explicando el enfoque constructivista sociocultural de manera clara, compartiendo técnicas ya probadas e invitando al lector a conocer y aplicar esta metodología para mejorar la calidad de la educación.
590 ## - NOTA LOCAL (RLIN)
Nota local Inventariado, 2025/ YL
650 #7 - PUNTO DE ACCESO ADICIONAL DE MATERIA--TÉRMINO DE MATERIA
Término de materia o nombre geográfico como elemento de entrada Método de aprendizaje en equipo en la educación
Fuente del encabezamiento o término librunam
9 (RLIN) 89768
650 #7 - PUNTO DE ACCESO ADICIONAL DE MATERIA--TÉRMINO DE MATERIA
Término de materia o nombre geográfico como elemento de entrada Métodos de enseñanza
Fuente del encabezamiento o término librunam
9 (RLIN) 2196
650 #7 - PUNTO DE ACCESO ADICIONAL DE MATERIA--TÉRMINO DE MATERIA
Término de materia o nombre geográfico como elemento de entrada Constructivismo (Educación)
Fuente del encabezamiento o término librunam
9 (RLIN) 89769
700 ## - PUNTO DE ACCESO ADICIONAL--NOMBRE DE PERSONA
Nombre de persona Heinsen Guerra, Margarita
Término indicativo de función/relación prologuista
Código de función/relación prol.
9 (RLIN) 72793
710 ## - PUNTO DE ACCESO ADICIONAL--NOMBRE DE ENTIDAD CORPORATIVA
Nombre de entidad corporativa o nombre de jurisdicción como elemento de entrada Universidad Iberoamericana
9 (RLIN) 36529
856 ## - LOCALIZACIÓN Y ACCESO ELECTRÓNICOS
Identificador Uniforme del Recurso <a href="https://repositorio.unibe.edu.do/bitstreams/8ad50914-e1d0-4d11-92a0-6867decb3efc/download">https://repositorio.unibe.edu.do/bitstreams/8ad50914-e1d0-4d11-92a0-6867decb3efc/download</a>
Texto de enlace Acceso a texto completo
910 ## - DATOS DE OPCIÓN DEL USUARIO (OCLC)
Datos de opción del usuario YLockward
942 ## - ELEMENTOS DE PUNTO DE ACCESO ADICIONAL (KOHA)
Fuente del sistema de clasificación o colocación Dewey Decimal Classification
Tipo de ítem Koha Libro
Existencias
Estado de retiro Estado de pérdida Fuente del sistema de clasificación o colocación Restricciones de uso No para préstamo Código de colección Localización permanente Ubicación/localización actual Ubicación en estantería Fecha de adquisición Fuente de adquisición Total de préstamos Signatura topográfica completa Código de barras Fecha visto por última vez Precio válido a partir de Tipo de ítem Koha
    Dewey Decimal Classification Excluido de préstamo   Patrimonio Dominicano Biblioteca Nacional Pedro Henríquez Ureña Biblioteca Nacional Pedro Henríquez Ureña En catalogación 18.07.2024 Donado por Claro Dominicana   BNPHU PD 371.36 C436a 2025-1188 24.02.2025 24.02.2025 Libro

Con tecnología Koha